000 01454namaa22003251i 4500
005 20260519132405.0
008 260519s1994 ua a|||frm||| 000 0 eng d
040 _aEG-GICUC
_beng
_cEG-GICUC
_dEG-GICUC
_erda
041 0 _aeng
_beng
_bara
049 _aDeposit
097 _aM.Sc
099 _aCai01.12.07.M.Sc.1994.Ga.N
100 0 _aGamal Abd Elmageed Abd Elgand,
_epreparation.
245 1 0 _aNew approaches for the synthesis of heterocyclic compounds containing sulphur and/or nitrogen /
_cBy Gamal Abd Elmageed Abd Elgand ; Supervision Prof. Dr. Mohamed Helmy Elnagdi, Prof. Dr. S. H. Doss, Prof. Dr. Rafat Milad Mohareb
246 1 5 _aتحضير مركبات عضوية حلقية غير متاجنسة تحتوي علي الكبريت والنيتروجين
264 0 _c1994.
300 _a96 Leaves
_billustrations
_c30 cm. +
336 _2rda content
_atext
337 _2rdamedia
_aUnmediated
338 _2rdacarrier
_avolume
502 _aThesis (M.Sc.)-Cairo University, 1994
504 _aBibliography: pages 86-96
653 0 _aheterocyclic compounds containing sulphur and/or nitrogen
700 0 _aMohamed Helmy Elnagdi
_ethesis advisor.
700 0 _aS. H. Doss
_ethesis advisor.
700 0 _aRafat Milad Mohareb
_ethesis advisor.
900 _DDepartment of Chemistry
_FFaculty of Science
_UCairo University
_b1994
_c Mohamed Helmy Elnagdi
_cS. H. Doss
_cRafat Milad Mohareb
905 _aNehad
942 _2ddc
_cTH
_e21
_n0
999 _c180230